Nech sa páči, zoznámte sa! ruže s menami významných osobností

Podrobná bibliografia
Hlavný autor: Glváč, František (Autor)
Médium: Článok
Jazyk:slovenčina
Fyzický popis:Fotogr.
ISSN:0862-5565
Predmet:

MARC

LEADER 00000nab a2200000 ar4500
001 vtls008959081
003 SK-MaSNL
005 20260303071033.0
008 070327c2007 xo |||||||||||000 b|slo
015 |a SNBRB2007/03  |2 snkbucl 
038 |a SNKBUCL 
040 |a SNKBUCL  |b slo  |c SNKBUCL  |e AACR2 
041 0 |a slo 
044 |a xo  |c SK 
080 |a 635.922  |2 1997 
080 |a 631.52  |2 1997 
100 1 |a Glváč, František  |4 aut  |9 507180 
245 1 0 |a Nech sa páči, zoznámte sa!  |b ruže s menami významných osobností  |c František Glváč 
300 |b Fotogr. 
650 0 7 |a ruže  |2 snkbucl  |9 58917 
773 0 |t Záhradkár  |g Roč. XLIII, č. 1 (2007), s. 28-29  |x 0862-5565 
852 |a SNK  |b KIS3GCP 
999 |c 1758033  |d 1759963